Cities Sorting Gallery IV Quiz Stats

 Plays Quiz Updated Jun 26, 2017

Support Sporcle.
Go Orange.
Score 0/55 Timer 07:00
3 Plays Today
% Correct
Florence
96.4%
Rome
95.9%
Milan
95.2%
Naples
94.2%
Genoa
91.9%
Delhi
91.1%
Verona
90.3%
Mumbai
90.2%
Vienna
89.9%
Palermo
89.6%
Turin
88.2%
Algiers
87.5%
Santiago
86.3%
Ho Chi Minh City
86%
Salzburg
85.8%
Hanoi
84.7%
Jaipur
83.4%
Kolkata
81.2%
Bhopal
81.1%
Innsbruck
80.2%
Linz
76.9%
Bengaluru
74.4%
Graz
73.8%
Modena
72.3%
Concepción
71.4%
Hyderabad
71.2%
Can Tho
71.1%
Chennai
70.9%
% Correct
Chișinău
70.2%
Puente Alto
70.1%
Klagenfurt
69.6%
Valparaíso
67.5%
Haiphong
65.8%
Viña del Mar
65.8%
Port Moresby
64.8%
Catania
64.6%
San Bernardo
63.8%
Paramaribo
62.7%
Bregenz
59.5%
Annaba
48.5%
Sétif
47.3%
Tébessa
46.3%
Bălți
45.5%
Lucknow
43.9%
Nieuw Nickerie
42.8%
Blida
41.1%
Sankt Pölten
40%
Antofagasta
37.8%
Constantine
37.2%
Tiraspol
33.3%
Lelydorp
33.1%
Zanderij
31.6%
Groningen
30%
Lae
22.5%
Chaguanas
17.5%

You're not logged in!

Compare scores with friends on all Sporcle quizzes.
OR
Log In
Forgot?

From the Vault

Kirk's Eulogy for Spock

by BamaMuaddib

You have to use your best Shatner impersonation to accompany this quiz.
Remove Ads.
Support Sporcle.
Get the best of Sporcle when you Go Orange. This ad-free experience offers more features, more stats, and more fun while also helping to support Sporcle. Thank you for becoming a member.

Show Comments

Extras

Top Quizzes Today


Score Distribution

Your Account Isn't Verified!

In order to create a playlist on Sporcle, you need to verify the email address you used during registration. Go to your Sporcle Settings to finish the process.

Report this User

Report this user for behavior that violates our Community Guidelines.

Details: